000 00516nam a22001697a 4500
005 20250529111213.0
008 250529b |||||||| |||| 00| 0 eng d
020 _a9789354669439
082 _a611.07 R5
100 _aYogesh Sontakke
245 _aWorkbook of Human Anatomy (Volume 3 and 4)
_bHead and Nech Brain -Neuroanatomy
_cYogesh Sontakke
250 _a10th
260 _aNew Delhi
_bCBS Publishers & Disrteibuters Pvt. Ltd
_c2025
650 _vPhysiotherapy
_xHuman Anatomy
942 _cBK
999 _c249352
_d249352